[Event "e2e4 Diamond Jubilee Premier"]
[Site "London ENG"]
[Date "2012.06.06"]
[Round "9.42"]
[White "Bryant, Richard B E"]
[Black "Rough, Robert E"]
[Result "1-0"]
[WhiteElo "1960"]
[BlackElo "1738"]
[WhiteFideId "407267"]
[BlackFideId "2403030"]
[EventDate "2012.06.02"]

1. e4 c5 2. Nc3 e6 3. f4 d5 4. Nf3 d4 5. Bb5+ Bd7 6. Bxd7+ Nxd7 7. Ne2 Ndf6 8.
d3 Ne7 9. O-O Nc6 10. Ng3 Be7 11. f5 e5 12. h3 Qb6 13. b3 O-O-O 14. a4 a5 15.
Nd2 Qc7 16. Nc4 Nd7 17. Rf3 h5 18. Na3 Na7 19. Bd2 b6 20. Ne2 Rdf8 21. c3 g5 22.
Rf1 Kb7 23. g3 Rb8 24. Be1 h4 25. g4 Rh6 26. Rc1 Rc6 27. Nb5 Qc8 28. Qc2 Nxb5
29. axb5 Rc7 30. Qa2 Ra8 31. Ra1 f6 32. Bf2 Qg8 33. Rfc1 Rcc8 34. Rc2 Bd6 35.
Kf1 Rc7 36. Bg1 Rcc8 37. Bh2 Be7 38. Rac1 Qf7 39. cxd4 cxd4 40. Nxd4 Nc5 41. Nc6
Nxd3 42. Rd1 Nc5 43. Bg1 Rc7 44. Bxc5 Bxc5 45. Nd8+ Rxd8 46. Rxd8 Rd7 47. Rd2
Rxd8 48. Rxd8 Qc7 49. Rd1 Bd4 50. Qd2 Qc5 51. Qd3 Qc7 52. Ke2 Qc5 53. Rd2 Qa3
54. Qc4 Qa1 55. Rc2 1-0

[Event "e2e4 Diamond Jubilee Premier"]
[Site "London ENG"]
[Date "2012.06.06"]
[Round "9.43"]
[White "Holowczak, Alex R"]
[Black "Dyrhaug, Sverre S"]
[Result "1-0"]
[WhiteElo "1680"]
[BlackElo "1579"]
[WhiteFideId "418668"]
[BlackFideId "1515829"]
[EventDate "2012.06.02"]

1. e4 e5 2. Nf3 Nc6 3. Bc4 Bc5 4. b4 Bxb4 5. c3 Be7 6. O-O Nf6 7. Re1 d6 8. h3
Be6 9. Bxe6 fxe6 10. d4 exd4 11. cxd4 e5 12. dxe5 Nxe5 13. Nxe5 dxe5 14. Qb3 Bc5
15. Qxb7 Bd4 16. Bb2 Qb8 17. Qc6+ Nd7 18. Bxd4 exd4 19. e5 Ke7 20. e6 Kf8 21.
Qxd7 Qe8 22. e7+ Kg8 23. Qe6+ 1-0